000 00505nam a22001937a 4500
003 MPLRDC
005 20220104143344.0
008 210129b ||||| |||| 00| 0 eng d
020 _a962-17-0902-4
082 _a947.411 CZZ v.25
100 _a蔡志忠
245 _a漫画鬼狐仙怪: 倩女幽魂
_c
250 _a第五版
260 _a
_b博益出版集团有限公司
_c1992
300 _b
490 _a蔡志忠作品集. 25
650 _a蔡志忠漫画
942 _cBK
_o947.411 CZZ v.25
999 _c39109
_d39099